[Event "Elekes Memorial IM"]
[Site "Budapest"]
[Date "1999.??.??"]
[Round "3"]
[White "Moser, Eva"]
[Black "Petran, Pal"]
[Result "0-1"]
[WhiteElo "2223"]
[BlackElo "2379"]
[PlyCount "66"]
[EventDate "1999.??.??"]
[EventType "tourn"]
[EventRounds "11"]
[EventCountry "HUN"]
[EventCategory "3"]
[SourceTitle "EXT 2002"]
[Source "ChessBase"]
[SourceDate "2001.11.25"]
[SourceVersion "1"]
[SourceVersionDate "2001.11.25"]
[SourceQuality "1"]

1. e4 e5 2. Nf3 Nc6 3. Bc4 Bc5 4. b4 Bb6 5. a4 a6 6. O-O d6 7. c3 Nf6 8. d3 O-O
9. Bg5 a5 10. b5 Ne7 11. Qd2 Ng6 12. Nh4 Nxh4 13. Bxh4 Nxe4 14. dxe4 Qxh4 15.
Bd5 Rb8 16. Na3 Bc5 17. Nc4 b6 18. Kh1 Be6 19. g3 Qe7 20. f4 exf4 21. gxf4 Rbe8
22. Rae1 Bxd5 23. Qxd5 Qe6 24. f5 Qf6 25. e5 dxe5 26. Nxe5 Bd6 27. Nd7 Qh4 28.
Qd2 Rxe1 29. Rxe1 Rd8 30. Re2 h5 31. Qe3 Kh7 32. f6 Rxd7 33. fxg7 Re7 0-1

[Event "Elekes Memorial IM"]
[Site "Budapest"]
[Date "1999.??.??"]
[Round "2"]
[White "Zimmerman, Yuri"]
[Black "Moser, Eva"]
[Result "1-0"]
[WhiteElo "2374"]
[BlackElo "2223"]
[PlyCount "63"]
[EventDate "1999.??.??"]
[EventType "tourn"]
[EventRounds "11"]
[EventCountry "HUN"]
[EventCategory "3"]
[SourceTitle "EXT 2002"]
[Source "ChessBase"]
[SourceDate "2001.11.25"]
[SourceVersion "1"]
[SourceVersionDate "2001.11.25"]
[SourceQuality "1"]

1. d4 d6 2. c4 e5 3. Nc3 g6 4. e4 Bg7 5. Nf3 Nc6 6. d5 Nd4 7. Be3 Nxf3+ 8. Qxf3
Nh6 9. Bd3 O-O 10. Qe2 Ng4 11. Bd2 f5 12. f3 Nf6 13. exf5 gxf5 14. O-O-O c6 15.
Bg5 Qa5 16. Kb1 Bd7 17. Bc2 c5 18. h3 b5 19. Nxb5 Rab8 20. Bb3 a6 21. Na7 Rb7
22. Nc6 Qb6 23. Qc2 e4 24. Rd2 Bxc6 25. dxc6 Qxc6 26. Rhd1 Ne8 27. Rd5 a5 28.
Bc1 Bd4 29. fxe4 fxe4 30. Qxe4 Qb6 31. R5xd4 cxd4 32. c5+ 1-0

[Event "Elekes Memorial IM"]
[Site "Budapest"]
[Date "1999.??.??"]
[Round "1"]
[White "Moser, Eva"]
[Black "Pham, Minh Hoang"]
[Result "0-1"]
[WhiteElo "2223"]
[BlackElo "2345"]
[PlyCount "58"]
[EventDate "1999.??.??"]
[EventType "tourn"]
[EventRounds "11"]
[EventCountry "HUN"]
[EventCategory "3"]
[SourceTitle "EXT 2002"]
[Source "ChessBase"]
[SourceDate "2001.11.25"]
[SourceVersion "1"]
[SourceVersionDate "2001.11.25"]
[SourceQuality "1"]

1. e4 c5 2. c3 d5 3. exd5 Qxd5 4. d4 Nc6 5. Nf3 Bg4 6. Be2 e6 7. h3 Bh5 8. O-O
Nf6 9. c4 Qd8 10. g4 Bg6 11. d5 Nb4 12. Na3 exd5 13. cxd5 Bd6 14. Bb5+ Kf8 15.
Re1 a6 16. Bf1 b5 17. b3 Nfxd5 18. Bb2 h5 19. g5 h4 20. Bg2 Nf4 21. Ne5 Nxg2
22. Nxg6+ fxg6 23. Re6 Nf4 24. Qxd6+ Qxd6 25. Rxd6 Nbd3 26. Rb1 Rh5 27. Ba1
Rxg5+ 28. Kf1 Re8 29. Rd1 Nxh3 0-1

[Event "Linz op 10th"]
[Site "Linz"]
[Date "1999.??.??"]
[Round "?"]
[White "Bruns, Michael"]
[Black "Moser, Eva"]
[Result "0-1"]
[WhiteElo "2118"]
[BlackElo "2223"]
[PlyCount "50"]
[EventDate "1999.??.??"]
[EventType "swiss"]
[EventRounds "9"]
[EventCountry "AUT"]
[SourceTitle "EXT 2002"]
[Source "ChessBase"]
[SourceDate "2001.11.25"]
[SourceVersion "1"]
[SourceVersionDate "2001.11.25"]
[SourceQuality "1"]

1. g3 g6 2. Bg2 Bg7 3. c4 Nf6 4. Nc3 O-O 5. e3 c5 6. Nge2 Nc6 7. O-O d6 8. d3
Bd7 9. Bd2 a6 10. Rb1 Rb8 11. a3 b5 12. cxb5 axb5 13. b4 Ne5 14. bxc5 dxc5 15.
Qc2 b4 16. axb4 cxb4 17. Ne4 Bb5 18. Nc1 Nxd3 19. Nxf6+ Bxf6 20. Rd1 Rc8 21.
Qb3 Bc4 22. Qa4 Nb2 23. Rxb2 Bxb2 24. Bxb4 Bb5 25. Rxd8 Rxc1+ 0-1

[Event "Linz op 10th"]
[Site "Linz"]
[Date "1999.??.??"]
[Round "?"]
[White "Moser, Eva"]
[Black "Horvath, Peter"]
[Result "0-1"]
[WhiteElo "2223"]
[BlackElo "2415"]
[PlyCount "132"]
[EventDate "1999.??.??"]
[EventType "swiss"]
[EventRounds "9"]
[EventCountry "AUT"]
[SourceTitle "EXT 2002"]
[Source "ChessBase"]
[SourceDate "2001.11.25"]
[SourceVersion "1"]
[SourceVersionDate "2001.11.25"]
[SourceQuality "1"]

1. e4 c5 2. c3 d5 3. exd5 Qxd5 4. d4 e6 5. Nf3 Nf6 6. Na3 Nc6 7. Nb5 Qd8 8.
dxc5 Bxc5 9. Qxd8+ Kxd8 10. b4 Bb6 11. Nd6 Ke7 12. Nc4 Ne4 13. Nxb6 axb6 14.
Bb2 Rd8 15. Be2 f6 16. O-O e5 17. Rfd1 Be6 18. a3 Bb3 19. Rdc1 Nd2 20. c4 e4
21. Ne1 Ba4 22. Rc3 Nd4 23. Re3 Nf5 24. Rh3 h6 25. g4 Nd4 26. Re3 Kf7 27. Bxd4
Rxd4 28. Rc3 Nb3 29. Rd1 Rxd1 30. Bxd1 Nd4 31. Rc1 Ke6 32. Kg2 Bxd1 33. Rxd1
Ke5 34. h3 g5 35. Ra1 Nb3 36. Ra2 Kd4 37. Nc2+ Kxc4 38. Ne3+ Kd3 39. Nd5 Nc1
40. Ra1 Nb3 41. Rd1+ Nd2 42. Nxb6 Ra6 43. Nd5 Rxa3 44. Nxf6 Ra2 45. Re1 Rb2 46.
Re3+ Kd4 47. Re2 Kc3 48. Nxe4+ Nxe4 49. Rxe4 b5 50. Re6 Rxb4 51. Rxh6 Rc4 52.
Rh5 b4 53. Rxg5 b3 54. Rb5 b2 55. Rxb2 Kxb2 56. Kg3 Kc3 57. g5 Kd4 58. Kf4 Kd5+
59. Kf5 Kd6 60. Kf6 Rf4+ 61. Kg7 Ke7 62. g6 Rxf2 63. h4 Rh2 64. Kg8 Rxh4 65. g7
Rg4 66. Kh7 Kf7 0-1

[Event "Linz op 10th"]
[Site "Linz"]
[Date "1999.??.??"]
[Round "?"]
[White "Moser, Eva"]
[Black "Brumen, Dinko"]
[Result "0-1"]
[WhiteElo "2223"]
[BlackElo "2309"]
[PlyCount "118"]
[EventDate "1999.??.??"]
[EventType "swiss"]
[EventRounds "9"]
[EventCountry "AUT"]
[SourceTitle "EXT 2002"]
[Source "ChessBase"]
[SourceDate "2001.11.25"]
[SourceVersion "1"]
[SourceVersionDate "2001.11.25"]
[SourceQuality "1"]

1. e4 c5 2. c3 d6 3. d4 Nf6 4. Bd3 e5 5. d5 Be7 6. Ne2 O-O 7. c4 Na6 8. Nbc3
Nc7 9. O-O Nd7 10. g3 Rb8 11. Kh1 Nf6 12. Ng1 Bd7 13. f4 b5 14. b3 Nfe8 15. Nf3
bxc4 16. bxc4 Bg4 17. Qe1 Bf6 18. Ng1 exf4 19. gxf4 Qe7 20. Rb1 Rxb1 21. Nxb1
Na6 22. a3 Bd4 23. Qg3 Bc8 24. Nf3 Nf6 25. e5 Nh5 26. Qe1 Bg4 27. Nxd4 cxd4 28.
Qe4 f5 29. Qxd4 Nc5 30. Bc2 Qh4 31. Qf2 Qh3 32. Kg1 Nd3 33. Bxd3 Qxd3 34. Nd2
g5 35. fxg5 dxe5 36. Re1 Nf4 37. Qe3 Qxe3+ 38. Rxe3 Ne2+ 39. Rxe2 Bxe2 40. Kf2
Bd3 41. c5 f4 42. Kf3 e4+ 43. Nxe4 Bxe4+ 44. Kxe4 f3 45. Be3 f2 46. Bxf2 Rxf2
47. Ke5 Kf7 48. Kd6 Ke8 49. h4 Kd8 50. Kc6 Kc8 51. h5 Rg2 52. g6 hxg6 53. hxg6
Rxg6+ 54. d6 a5 55. a4 Rh6 56. Kb6 Kd7 57. Kb5 Rh4 58. Kxa5 Kc6 59. d7 Rd4 0-1

[Event "Linz op 10th"]
[Site "Linz"]
[Date "1999.??.??"]
[Round "?"]
[White "Moser, Eva"]
[Black "Krizsany, Laszlo"]
[Result "0-1"]
[WhiteElo "2223"]
[BlackElo "2462"]
[PlyCount "64"]
[EventDate "1999.??.??"]
[EventType "swiss"]
[EventRounds "9"]
[EventCountry "AUT"]
[SourceTitle "EXT 2002"]
[Source "ChessBase"]
[SourceDate "2001.11.25"]
[SourceVersion "1"]
[SourceVersionDate "2001.11.25"]
[SourceQuality "1"]

1. e4 Nf6 2. e5 Nd5 3. d4 d6 4. Nf3 Nb6 5. exd6 cxd6 6. Bd3 g6 7. O-O Bg7 8.
Re1 O-O 9. Bg5 Re8 10. c3 Nc6 11. Nbd2 h6 12. Bh4 Qc7 13. Bg3 e5 14. dxe5 dxe5
15. Nd4 Be6 16. N2f3 Bd5 17. Qe2 Nd7 18. Rad1 Qb6 19. Nxc6 Bxc6 20. Be4 Bxe4
21. Qxe4 Nc5 22. Qe3 e4 23. Nd2 Qb5 24. c4 Qc6 25. b4 Nd3 26. b5 Qe6 27. Rf1
Rad8 28. Kh1 f5 29. f3 f4 30. Bxf4 Nxf4 31. Nxe4 g5 32. Qxa7 Qxc4 0-1

[Event "Linz op 10th"]
[Site "Linz"]
[Date "1999.??.??"]
[Round "?"]
[White "Neumann, Han HWM"]
[Black "Moser, Eva"]
[Result "0-1"]
[WhiteElo "2240"]
[BlackElo "2223"]
[PlyCount "102"]
[EventDate "1999.??.??"]
[EventType "swiss"]
[EventRounds "9"]
[EventCountry "AUT"]
[SourceTitle "EXT 2002"]
[Source "ChessBase"]
[SourceDate "2001.11.25"]
[SourceVersion "1"]
[SourceVersionDate "2001.11.25"]
[SourceQuality "1"]

1. e4 e6 2. d4 d5 3. Nc3 Bb4 4. Nge2 dxe4 5. a3 Be7 6. Nxe4 Nd7 7. N2c3 Ngf6 8.
Bf4 O-O 9. Bd3 c6 10. Nd6 c5 11. Nxc8 Rxc8 12. Be5 Qb6 13. O-O c4 14. Be4 Qxb2
15. Qd2 Nxe4 16. Nxe4 Qb6 17. Bg3 Nf6 18. Nxf6+ Bxf6 19. c3 Qc6 20. Rfb1 Rfd8
21. Qe2 Rd5 22. h3 Rb5 23. Rxb5 Qxb5 24. Qe4 Qc6 25. Qxc6 Rxc6 26. Rb1 Rb6 27.
Rxb6 axb6 28. Bd6 b5 29. Kf1 Bd8 30. Ke2 f6 31. Bb4 Kf7 32. Kd2 Ke8 33. Ke3 Kd7
34. g4 Kc6 35. f3 Kd5 36. Bf8 g6 37. Bb4 Bc7 38. Bf8 Ba5 39. Bb4 Bc7 40. Be7 f5
41. Bb4 e5 42. dxe5 Bxe5 43. f4 Bc7 44. g5 Bb6+ 45. Kf3 Ke6 46. Ke2 Kf7 47. Kf3
Kg7 48. Bd6 h6 49. Be5+ Kh7 50. Bd4 Bxd4 51. cxd4 h5 0-1

[Event "Linz op 10th"]
[Site "Linz"]
[Date "1999.??.??"]
[Round "?"]
[White "Hafner, Robert"]
[Black "Moser, Eva"]
[Result "1/2-1/2"]
[WhiteElo "2071"]
[BlackElo "2223"]
[PlyCount "73"]
[EventDate "1999.??.??"]
[EventType "swiss"]
[EventRounds "9"]
[EventCountry "AUT"]
[SourceTitle "EXT 2002"]
[Source "ChessBase"]
[SourceDate "2001.11.25"]
[SourceVersion "1"]
[SourceVersionDate "2001.11.25"]
[SourceQuality "1"]

1. d4 d6 2. c4 g6 3. e4 Bg7 4. Nf3 Nf6 5. Nc3 O-O 6. Be2 e5 7. O-O Nc6 8. d5
Ne7 9. Ne1 Ne8 10. Nd3 f5 11. f3 f4 12. Bd2 h5 13. c5 Rf7 14. Rc1 g5 15. cxd6
cxd6 16. Nf2 Ng6 17. Nb5 Nh4 18. a4 Bf8 19. h3 Rg7 20. Qc2 a6 21. Na3 g4 22.
hxg4 hxg4 23. fxg4 Nf6 24. Be1 Nxg4 25. Nxg4 Bxg4 26. Bxh4 Qxh4 27. Bxg4 Rxg4
28. Rf3 Be7 29. Qf2 Qh6 30. Qb6 Kf7 31. Rc7 Rag8 32. Rxe7+ Kxe7 33. Qc7+ Kf8
34. Qc8+ Ke7 35. Qc7+ Kf8 36. Qc8+ Ke7 37. Qc7+ 1/2-1/2

[Event "Donau op 07th"]
[Site "Aschach"]
[Date "1998.12.31"]
[Round "7"]
[White "Wege, Jochen"]
[Black "Moser, Eva"]
[Result "1-0"]
[WhiteElo "2260"]
[BlackElo "2190"]
[PlyCount "67"]
[EventDate "1998.12.26"]
[EventType "swiss"]
[EventRounds "7"]
[EventCountry "AUT"]
[SourceTitle "EXT 2000"]
[Source "ChessBase"]
[SourceDate "1999.11.16"]
[SourceVersion "1"]
[SourceVersionDate "1999.11.16"]
[SourceQuality "1"]

1. e4 d6 2. Nc3 Nf6 3. f4 c5 4. Nf3 g6 5. d4 cxd4 6. Nxd4 a6 7. Be2 Bg7 8. Be3
O-O 9. O-O Nbd7 10. Bf3 Qc7 11. g4 e5 12. Nde2 Nb6 13. f5 Nc4 14. Qc1 Nxe3 15.
Qxe3 d5 16. g5 d4 17. Qf2 dxc3 18. gxf6 Bxf6 19. Nxc3 Be7 20. Kh1 Rd8 21. Bg4
Bc5 22. Qh4 Qe7 23. f6 Qe8 24. Nd5 Rxd5 25. exd5 Qa4 26. h3 h5 27. Rae1 Bd6 28.
b3 Qd4 29. c3 Qxd5+ 30. Bf3 Qd2 31. Bxh5 Qxc3 32. Bf3 Qd2 33. Rd1 Qb4 34. Qh6
1-0

[Event "Donau op 07th"]
[Site "Aschach"]
[Date "1998.12.30"]
[Round "6"]
[White "Moser, Eva"]
[Black "Heimberger, Reinhard"]
[Result "1-0"]
[WhiteElo "2190"]
[BlackElo "2280"]
[PlyCount "65"]
[EventDate "1998.12.26"]
[EventType "swiss"]
[EventRounds "7"]
[EventCountry "AUT"]
[SourceTitle "EXT 2000"]
[Source "ChessBase"]
[SourceDate "1999.11.16"]
[SourceVersion "1"]
[SourceVersionDate "1999.11.16"]
[SourceQuality "1"]

1. e4 c5 2. c3 Nf6 3. e5 Nd5 4. d4 cxd4 5. Nf3 Nc6 6. cxd4 d6 7. Bc4 e6 8. O-O
Be7 9. a3 O-O 10. Qe2 Qc7 11. b4 Rd8 12. Nbd2 Nf4 13. Qe3 Ng6 14. Bb2 a6 15.
Ba2 Bd7 16. Rac1 Rac8 17. Bb1 dxe5 18. dxe5 Be8 19. h4 Qd7 20. h5 Nf8 21. Ne4
Kh8 22. Nf6 Qc7 23. Qe4 h6 24. Nh7 g6 25. Nf6 Bxf6 26. exf6 Kh7 27. Qe3 Rd5 28.
Rc5 Rxc5 29. bxc5 Qd8 30. hxg6+ fxg6 31. Ng5+ hxg5 32. Qh3+ Kg8 33. Qh6 1-0

[Event "Donau op 07th"]
[Site "Aschach"]
[Date "1998.12.29"]
[Round "5"]
[White "Koeller, Oliver"]
[Black "Moser, Eva"]
[Result "1/2-1/2"]
[WhiteElo "2290"]
[BlackElo "2190"]
[PlyCount "39"]
[EventDate "1998.12.26"]
[EventType "swiss"]
[EventRounds "7"]
[EventCountry "AUT"]
[SourceTitle "EXT 2000"]
[Source "ChessBase"]
[SourceDate "1999.11.16"]
[SourceVersion "1"]
[SourceVersionDate "1999.11.16"]
[SourceQuality "1"]

1. e4 e6 2. Nf3 d5 3. Nc3 dxe4 4. Nxe4 Nd7 5. d4 Ngf6 6. Nxf6+ Nxf6 7. Bd3 c5
8. dxc5 Bxc5 9. O-O O-O 10. Bg5 h6 11. Bh4 b6 12. Qe2 Bb7 13. Rad1 Qe7 14. Ne5
g5 15. Bg3 Rad8 16. a3 Ba8 17. b4 Qb7 18. Nf3 Be7 19. Be5 Ng4 20. Ba6 1/2-1/2

[Event "Donau op 07th"]
[Site "Aschach"]
[Date "1998.12.28"]
[Round "4"]
[White "Moser, Eva"]
[Black "Stanec, Nikolaus"]
[Result "0-1"]
[WhiteElo "2190"]
[BlackElo "2495"]
[PlyCount "86"]
[EventDate "1998.12.26"]
[EventType "swiss"]
[EventRounds "7"]
[EventCountry "AUT"]
[SourceTitle "EXT 2000"]
[Source "ChessBase"]
[SourceDate "1999.11.16"]
[SourceVersion "1"]
[SourceVersionDate "1999.11.16"]
[SourceQuality "1"]

1. e4 c5 2. c3 e6 3. d4 d5 4. e5 Qb6 5. Nf3 Bd7 6. Bd3 Bb5 7. O-O Bxd3 8. Qxd3
Qa6 9. Qe3 c4 10. Nh4 Ne7 11. f4 g6 12. Nd2 Nbc6 13. Qe2 Qa4 14. Ndf3 Nd8 15.
h3 Nf5 16. Nxf5 exf5 17. Be3 Qd7 18. b3 Rc8 19. Rfc1 Ba3 20. Rc2 Be7 21. Bf2
Ne6 22. Qd2 O-O 23. b4 a5 24. a3 Ra8 25. Rca2 Ra6 26. Be3 Rfa8 27. Qc2 h5 28.
Kh1 b5 29. Ng1 Qa7 30. bxa5 Rxa5 31. g4 Ng7 32. Nf3 Qd7 33. gxh5 Nxh5 34. Bc1
Ng3+ 35. Kh2 Ne4 36. Nd2 Kg7 37. Nf3 Qc8 38. Bd2 Rxa3 39. Rxa3 Rxa3 40. Rxa3
Bxa3 41. Qa2 Be7 42. Qa7 Kf8 43. Be1 b4 0-1

[Event "AUT-chT2S 9899"]
[Site "Austria"]
[Date "1998.11.22"]
[Round "4.4"]
[White "Moser, Eva"]
[Black "Wegerer, Fred"]
[Result "1/2-1/2"]
[WhiteElo "2190"]
[BlackElo "2215"]
[PlyCount "80"]
[EventDate "1998.10.??"]
[EventType "team-tourn"]
[EventRounds "11"]
[EventCountry "AUT"]
[SourceTitle "EXT 2001"]
[Source "ChessBase"]
[SourceDate "2000.11.22"]
[SourceVersion "1"]
[SourceVersionDate "2000.11.22"]
[SourceQuality "1"]

1. e4 c5 2. c3 e5 3. f4 exf4 4. Nf3 g5 5. h4 g4 6. Ne5 h5 7. Bc4 Nh6 8. d4 d6
9. Nd3 f3 10. gxf3 Nc6 11. Be3 gxf3 12. Qxf3 Bg4 13. Qf2 Qe7 14. Nd2 cxd4 15.
cxd4 Bg7 16. Rf1 f5 17. Nf4 Nb4 18. Rc1 Rc8 19. a3 d5 20. axb4 dxc4 21. Ng6
Qxb4 22. Nxh8 Qxb2 23. Nxc4 Qb4+ 24. Bd2 Qe7 25. Nd6+ Qxd6 26. Rxc8+ Kd7 27.
Bxh6 Qxh6 28. Nf7 Qb6 29. Rc1 Bxd4 30. Qc2 Ke8 31. Ng5 Qa5+ 32. Qd2 Qe5 33. Rf4
Qb5 34. Rc8+ Ke7 35. Rc1 Bb2 36. Rb1 Qb6 37. Rxb2 Qg1+ 38. Rf1 Qg3+ 39. Qf2
Qc3+ 40. Qd2 Qg3+ 1/2-1/2

[Event "AUT-chT2S 9899"]
[Site "Austria"]
[Date "1998.11.21"]
[Round "3.4"]
[White "Kurasch, Josef"]
[Black "Moser, Eva"]
[Result "0-1"]
[WhiteElo "2130"]
[BlackElo "2190"]
[PlyCount "92"]
[EventDate "1998.10.??"]
[EventType "team-tourn"]
[EventRounds "11"]
[EventCountry "AUT"]
[SourceTitle "EXT 2001"]
[Source "ChessBase"]
[SourceDate "2000.11.22"]
[SourceVersion "1"]
[SourceVersionDate "2000.11.22"]
[SourceQuality "1"]

1. c4 Nf6 2. g3 g6 3. Bg2 Bg7 4. Nc3 O-O 5. d3 d6 6. Bd2 c6 7. Qc1 e5 8. Nf3
Re8 9. O-O Nbd7 10. Rb1 a5 11. b3 Nc5 12. Bh6 Bh8 13. Qc2 e4 14. dxe4 Nfxe4 15.
Nxe4 Nxe4 16. Nh4 Nc3 17. Rbe1 a4 18. e4 axb3 19. axb3 Na2 20. h3 c5 21. Bd2
Qb6 22. Re3 Be6 23. Kh2 Ra3 24. Qd1 Nb4 25. Nf5 Ra1 26. Qg4 Rxf1 27. Bxf1 Nc2
28. Rf3 Nd4 29. Re3 Kf8 30. Qf4 gxf5 31. exf5 Nxf5 32. Bd3 Nxe3 33. Bxe3 Qd8
34. Bxh7 Qf6 35. Qxd6+ Qe7 36. Qb6 Bd4 37. Bf4 Rd8 38. h4 Kg7 39. Bb1 Rd7 40.
h5 Kh8 41. Qa5 Bg4 42. h6 Bxf2 43. Be5+ f6 44. Qa8+ Rd8 45. Qxb7 Qxb7 46. Bxf6+
Kg8 0-1

[Event "Wch U16 Girls"]
[Site "Oropesa del Mar"]
[Date "1998.11.06"]
[Round "10"]
[White "Moser, Eva"]
[Black "Matnadze, Ana"]
[Result "1/2-1/2"]
[WhiteElo "2190"]
[BlackElo "2280"]
[PlyCount "52"]
[EventDate "1998.10.25"]
[EventType "swiss"]
[EventRounds "11"]
[EventCountry "ESP"]
[SourceTitle "CBM 067 Extra"]
[Source "ChessBase"]
[SourceDate "1999.01.01"]
[SourceVersion "1"]
[SourceVersionDate "1999.01.01"]
[SourceQuality "1"]

1. e4 c5 2. c3 d5 3. exd5 Qxd5 4. d4 Nf6 5. Nf3 e6 6. Na3 Qd8 7. Bf4 cxd4 8.
Nxd4 a6 9. Qb3 Nd5 10. Bxb8 Bxa3 11. Qxa3 Rxb8 12. O-O-O Qe7 13. Qxe7+ Kxe7 14.
Bc4 Nb6 15. Bb3 Bd7 16. Rhe1 Rbd8 17. f4 Kf8 18. Re5 Be8 19. Kb1 Nd7 20. Rd3
Nc5 21. Bc2 g6 22. g4 b5 23. b4 Nb7 24. f5 exf5 25. gxf5 Nd6 26. fxg6 hxg6
1/2-1/2

[Event "Wch U16 Girls"]
[Site "Oropesa del Mar"]
[Date "1998.10.31"]
[Round "6"]
[White "Moser, Eva"]
[Black "Jurkiewicz, Katarzyna"]
[Result "1-0"]
[WhiteElo "2190"]
[BlackElo "2185"]
[PlyCount "57"]
[EventDate "1998.10.25"]
[EventType "swiss"]
[EventRounds "11"]
[EventCountry "ESP"]
[SourceTitle "CBM 067 Extra"]
[Source "ChessBase"]
[SourceDate "1999.01.01"]
[SourceVersion "1"]
[SourceVersionDate "1999.01.01"]
[SourceQuality "1"]

1. e4 c5 2. c3 d5 3. exd5 Qxd5 4. d4 Nc6 5. Nf3 Bg4 6. Be2 O-O-O 7. Be3 e5 8.
c4 Qd7 9. d5 Bxf3 10. Bxf3 Nd4 11. O-O f5 12. b4 Nf6 13. Nc3 Nxf3+ 14. Qxf3
cxb4 15. Nb5 a6 16. a3 e4 17. Qf4 axb5 18. axb4 Bd6 19. Qg5 h6 20. Qg6 Ng4 21.
Bb6 Ne5 22. Ra8+ Bb8 23. cxb5 Qd6 24. Qxf5+ Rd7 25. Rc1+ Nc6 26. bxc6 Qxh2+ 27.
Kf1 bxc6 28. Rxc6+ Kb7 29. Ra7+ 1-0

[Event "Wch U16 Girls"]
[Site "Oropesa del Mar"]
[Date "1998.10.30"]
[Round "5"]
[White "Son, Olga"]
[Black "Moser, Eva"]
[Result "0-1"]
[WhiteElo "2045"]
[BlackElo "2190"]
[PlyCount "70"]
[EventDate "1998.10.25"]
[EventType "swiss"]
[EventRounds "11"]
[EventCountry "ESP"]
[SourceTitle "CBM 067 Extra"]
[Source "ChessBase"]
[SourceDate "1999.01.01"]
[SourceVersion "1"]
[SourceVersionDate "1999.01.01"]
[SourceQuality "1"]

1. d4 d6 2. c4 g6 3. Nc3 Bg7 4. e4 Nf6 5. f4 O-O 6. Nf3 c5 7. d5 e6 8. Bd3 exd5
9. cxd5 b5 10. Nxb5 Nxe4 11. O-O Nf6 12. Nc3 Bb7 13. Bc2 Nbd7 14. f5 Ng4 15.
fxg6 hxg6 16. h3 Nge5 17. Ng5 Ba6 18. Rf2 Rb8 19. a3 Rb7 20. Nce4 Qe7 21. h4
Nc4 22. h5 Bd4 23. hxg6 f5 24. g7 Bxg7 25. Ne6 fxe4 26. Nxf8 Nxf8 27. Qg4 e3
28. Re2 Ne5 29. Qh5 Bxe2 30. Qxe2 Qh4 31. Qxe3 Ng4 32. Qf3 Bd4+ 33. Kf1 Rf7 34.
Bf5 Nh2+ 35. Ke2 Nxf3 0-1

[Event "AUT-chT2S 9899"]
[Site "Austria"]
[Date "1998.10.18"]
[Round "2.3"]
[White "Raffalt, Manfred"]
[Black "Moser, Eva"]
[Result "1/2-1/2"]
[WhiteElo "2180"]
[BlackElo "2190"]
[PlyCount "45"]
[EventDate "1998.10.??"]
[EventType "team-tourn"]
[EventRounds "11"]
[EventCountry "AUT"]
[SourceTitle "EXT 2001"]
[Source "ChessBase"]
[SourceDate "2000.11.22"]
[SourceVersion "1"]
[SourceVersionDate "2000.11.22"]
[SourceQuality "1"]

1. e4 d6 2. d4 Nf6 3. Nc3 e5 4. Nf3 Nbd7 5. Bc4 Be7 6. O-O O-O 7. h3 c6 8. a4
Qc7 9. Be3 b6 10. Qe2 Bb7 11. Ba6 Rfe8 12. Bxb7 Qxb7 13. dxe5 dxe5 14. Qc4 Bc5
15. Bxc5 bxc5 16. Rfd1 Qb4 17. Qxb4 cxb4 18. Na2 a5 19. Nd2 Nc5 20. f3 Nxa4 21.
Nc4 Nc5 22. b3 Ra6 23. Nc1 1/2-1/2

[Event "AUT-chT2S 9899"]
[Site "Austria"]
[Date "1998.10.17"]
[Round "1.3"]
[White "Schieder, Josef"]
[Black "Moser, Eva"]
[Result "0-1"]
[WhiteElo "2185"]
[BlackElo "2190"]
[PlyCount "101"]
[EventDate "1998.10.??"]
[EventType "team-tourn"]
[EventRounds "11"]
[EventCountry "AUT"]
[SourceTitle "EXT 2001"]
[Source "ChessBase"]
[SourceDate "2000.11.22"]
[SourceVersion "1"]
[SourceVersionDate "2000.11.22"]
[SourceQuality "1"]

1. c4 Nf6 2. g3 g6 3. Bg2 Bg7 4. Nc3 O-O 5. e4 d6 6. Nge2 c5 7. O-O Nc6 8. d3
Bd7 9. h3 a6 10. Be3 b5 11. cxb5 axb5 12. Nxb5 Rb8 13. a4 Ne8 14. Qd2 Nc7 15.
Nec3 Nd4 16. Bxd4 cxd4 17. Nd5 Nxb5 18. axb5 e6 19. Nf4 Qb6 20. Rfb1 Bxb5 21.
Bf1 Rfc8 22. Ne2 Be8 23. b4 Ra8 24. Rc1 Bd7 25. Qb2 h6 26. Rxc8+ Rxc8 27. h4
Rb8 28. Rb1 e5 29. Nc1 Qb5 30. Kh2 Kh7 31. Bh3 Bc6 32. Qb3 Rb7 33. Qa3 Qa4 34.
Qxa4 Bxa4 35. Bc8 Rb6 36. h5 Bf6 37. hxg6+ Kxg6 38. Rb2 Be8 39. Na2 Bb5 40. Rb3
Kg7 41. Ra3 Bg5 42. Kg2 Kf8 43. Kf3 Ke8 44. Ke2 Rc6 45. Ra8 Ke7 46. Bf5 Rc2+
47. Kf3 Rd2 48. Ra5 Bxd3 49. b5 Be2+ 50. Kg2 Rb2 51. Ra7+ 0-1

[Event "Karl Wagner Memorial 5th"]
[Site "Graz"]
[Date "1998.09.12"]
[Round "8.23"]
[White "Brod, Manfred"]
[Black "Moser, Eva"]
[Result "1-0"]
[WhiteElo "2260"]
[BlackElo "2190"]
[PlyCount "67"]
[EventDate "1998.09.??"]
[EventType "swiss"]
[EventRounds "9"]
[EventCountry "AUT"]
[SourceTitle "EXT 1999"]
[Source "ChessBase"]
[SourceDate "1998.11.16"]
[SourceVersion "1"]
[SourceVersionDate "1998.11.16"]
[SourceQuality "1"]

1. e4 e6 2. d4 d5 3. Nc3 Bb4 4. e5 c5 5. a3 Bxc3+ 6. bxc3 Ne7 7. Qg4 Qc7 8. Bd3
cxd4 9. Ne2 dxc3 10. Qxg7 Rg8 11. Qxh7 Nbc6 12. Bf4 Bd7 13. O-O O-O-O 14. Bg3
d4 15. Rfe1 Rdf8 16. Qh4 Rh8 17. Qf4 Nd5 18. Qe4 Qb6 19. Reb1 f5 20. exf6 Nxf6
21. Qf3 Qd8 22. Nxd4 Nd5 23. Qe4 Qf6 24. Nb5 Rfg8 25. Nd6+ Kd8 26. Nxb7+ Ke7
27. Nc5 Qh6 28. h3 Rxg3 29. fxg3 Qg5 30. Rb7 Ne5 31. Nxd7 Nxd7 32. Re1 Rh6 33.
Bb5 N5b6 34. Bxd7 1-0

[Event "Karl Wagner Memorial 5th"]
[Site "Graz"]
[Date "1998.09.11"]
[Round "7.22"]
[White "Moser, Eva"]
[Black "Wittmann, Walter"]
[Result "1/2-1/2"]
[WhiteElo "2190"]
[BlackElo "2380"]
[PlyCount "69"]
[EventDate "1998.09.??"]
[EventType "swiss"]
[EventRounds "9"]
[EventCountry "AUT"]
[SourceTitle "EXT 1999"]
[Source "ChessBase"]
[SourceDate "1998.11.16"]
[SourceVersion "1"]
[SourceVersionDate "1998.11.16"]
[SourceQuality "1"]

1. e4 c5 2. c3 Nf6 3. e5 Nd5 4. d4 cxd4 5. Nf3 e6 6. cxd4 d6 7. Bc4 Nb6 8. Bd3
Nc6 9. O-O Be7 10. a3 d5 11. Nc3 a6 12. Ne2 Bd7 13. Nf4 g6 14. Nh3 Qc7 15. Bh6
O-O-O 16. Nhg5 Be8 17. Rc1 Kb8 18. b4 Nc4 19. Bxc4 dxc4 20. Rxc4 Qd7 21. Qc1
Qd5 22. Rd1 Na7 23. Bg7 Rg8 24. Bf6 Bxf6 25. exf6 Qf5 26. Rc5 Qxf6 27. Nxh7 Qe7
28. Qf4+ Qd6 29. Qxd6+ Rxd6 30. Nf6 Ba4 31. Rd2 Rgd8 32. Ne4 R6d7 33. Nf6 Rd6
34. Ne4 R6d7 35. Nf6 1/2-1/2